|
|
|
|
| LEADER |
02516nam a22005055i 4500 |
| 001 |
978-981-287-928-8 |
| 003 |
DE-He213 |
| 005 |
20160307141231.0 |
| 007 |
cr nn 008mamaa |
| 008 |
150926s2016 si | s |||| 0|eng d |
| 020 |
|
|
|a 9789812879288
|9 978-981-287-928-8
|
| 024 |
7 |
|
|a 10.1007/978-981-287-928-8
|2 doi
|
| 040 |
|
|
|d GrThAP
|
| 050 |
|
4 |
|a R856-857
|
| 072 |
|
7 |
|a MQW
|2 bicssc
|
| 072 |
|
7 |
|a TEC009000
|2 bisacsh
|
| 082 |
0 |
4 |
|a 610.28
|2 23
|
| 245 |
1 |
0 |
|a II Latin American Conference on Bioimpedance
|h [electronic resource] :
|b 2nd CLABIO,Montevideo,September 30 - October 02, 2015 /
|c edited by Franco Simini, Pedro Bertemes-Filho.
|
| 250 |
|
|
|a 1st ed. 2016.
|
| 264 |
|
1 |
|a Singapore :
|b Springer Singapore :
|b Imprint: Springer,
|c 2016.
|
| 300 |
|
|
|a XIV, 87 p. 91 illus.
|b online resource.
|
| 336 |
|
|
|a text
|b txt
|2 rdacontent
|
| 337 |
|
|
|a computer
|b c
|2 rdamedia
|
| 338 |
|
|
|a online resource
|b cr
|2 rdacarrier
|
| 347 |
|
|
|a text file
|b PDF
|2 rda
|
| 490 |
1 |
|
|a IFMBE Proceedings,
|x 1680-0737 ;
|v 54
|
| 520 |
|
|
|a This volume presents the proceedings of CLABIO 2015 - II Latin American Conference on Bioimpedance, held in Montevideo, Uruguay - September 30 - October 02, 2015. The works cover a broad range in Biomedical Engineering and Computing, Medical Physics and Medical Sciences, Environment, Biology and Chemistry. The topics are: ·Bioimpedance Applications ·Bioimpedance Instrumentation ·Body and Tissue Composition ·Cell Culture and Cell Suspension ·Electrical Impedance Tomography ·Electrode Modelling ·Magnetic Induction - Electrical Impedance Tomography ·Magnetic Resonance - Electrical Impedance Tomography ·Nonlinear Phenomena ·Organ and Tissue Impedance ·Plant Tissue Impedance ·Skin Impedance Modelling ·Technological Advances in Bioimpedance ·Theory and Modelling.
|
| 650 |
|
0 |
|a Engineering.
|
| 650 |
|
0 |
|a Radiology.
|
| 650 |
|
0 |
|a Medical physics.
|
| 650 |
|
0 |
|a Radiation.
|
| 650 |
|
0 |
|a Biomedical engineering.
|
| 650 |
1 |
4 |
|a Engineering.
|
| 650 |
2 |
4 |
|a Biomedical Engineering.
|
| 650 |
2 |
4 |
|a Medical and Radiation Physics.
|
| 650 |
2 |
4 |
|a Diagnostic Radiology.
|
| 700 |
1 |
|
|a Simini, Franco.
|e editor.
|
| 700 |
1 |
|
|a Bertemes-Filho, Pedro.
|e editor.
|
| 710 |
2 |
|
|a SpringerLink (Online service)
|
| 773 |
0 |
|
|t Springer eBooks
|
| 776 |
0 |
8 |
|i Printed edition:
|z 9789812879264
|
| 830 |
|
0 |
|a IFMBE Proceedings,
|x 1680-0737 ;
|v 54
|
| 856 |
4 |
0 |
|u http://dx.doi.org/10.1007/978-981-287-928-8
|z Full Text via HEAL-Link
|
| 912 |
|
|
|a ZDB-2-ENG
|
| 950 |
|
|
|a Engineering (Springer-11647)
|